Powiaty, które powstały w XXI wieku - Statystyki

Ogólne statystyki
  • Ten quiz został rozwiązany 21 razy
  • Średni wynik to 4 z 7
Statystyki odpowiedzi
Województwo Powiat % Poprawnych
Warmińsko-Mazurskie Gołdapski
75%
Pomorskie Sztumski
70%
Lubuskie Wschowski
70%
Łódzkie Brzeziński
60%
Podkarpackie Leski
60%
Zachodniopomorskie Łobeski
55%
Warmińsko-Mazurskie Węgorzewski
55%
Nie znaleziono quizów pasujących do podanych kryteriów
Rozkład punktacji
Procent ludzi z każdym wynikiem
Percentyl według liczby udzielonych odpowiedzi
Twoja historia wyników
Nie rozwiązałeś tego quizu